[Event "Wch U18 Girls"]
[Site "Montesilvano"]
[Date "2023.11.24"]
[Round "11"]
[White "Hakobyan, Astghik"]
[Black "Blanquet, Camille"]
[Result "1-0"]
[WhiteElo "2073"]
[BlackElo "1953"]
[PlyCount "111"]
[EventDate "2023.11.13"]
[EventType "swiss"]
[EventRounds "11"]
[EventCountry "ITA"]
[SourceTitle "CB48_2023"]
[SourceDate "2023.11.29"]
[SourceVersion "1"]
[SourceVersionDate "2023.11.29"]
[SourceQuality "1"]

1. e4 c6 2. Nf3 d5 3. d3 e6 4. Nbd2 c5 5. g3 Nc6 6. Bg2 Nf6 7. 0-0 Be7 8. Re1 0-0 9. e5 Nd7 10. Nf1 h6 11. h4 f6 12. exf6 Nxf6 13. Bh3 e5 14. Bxc8 Qxc8 15. Nxe5 Nxe5 16. Rxe5 Bd6 17. Re3 Qh3 18. Nh2 d4 19. Rf3 Rae8 20. Bd2 Rf7 21. c3 Kh7 22. Rc1 Rfe7 23. cxd4 cxd4 24. Qf1 Qe6 25. b3 Qd5 26. Qh3 Re2 27. Rd1 Qc5 28. Qf5+ Qxf5 29. Rxf5 Kg6 30. Rb5 b6 31. h5+ Nxh5 32. Nf3 Bc5 33. b4 a6 34. bxc5 axb5 35. Nxd4 R2e7 36. cxb6 Rb7 37. Ba5 Ra8 38. Nb3 Nf6 39. Rc1 Nd7 40. Rc6+ Kh7 41. d4 Nf6 42. Rc5 Rxa5 43. Nxa5 Rxb6 44. f3 b4 45. Kf2 Rd6 46. Ke3 Nd5+ 47. Kd3 Nc3 48. a3 Na4 49. axb4 Nxc5+ 50. bxc5 Rd8 51. Nb7 Rc8 52. d5 Rc7 53. c6 Kg6 54. d6 Rxc6 55. d7 Rc1 56. Ke4 1-0

[Event "Wch U18 Girls"]
[Site "Montesilvano"]
[Date "2023.11.14"]
[Round "2"]
[White "Tsapaki, Asimenia"]
[Black "Hakobyan, Astghik"]
[Result "1/2-1/2"]
[WhiteElo "1702"]
[BlackElo "2073"]
[PlyCount "136"]
[EventDate "2023.11.13"]
[EventType "swiss"]
[EventRounds "11"]
[EventCountry "ITA"]
[SourceTitle "CB48_2023"]
[SourceDate "2023.11.29"]
[SourceVersion "1"]
[SourceVersionDate "2023.11.29"]
[SourceQuality "1"]

1. e4 c6 2. d4 d5 3. exd5 cxd5 4. Bd3 Nf6 5. h3 Nc6 6. c3 e5 7. dxe5 Nxe5 8. Nf3 Nxd3+ 9. Qxd3 Bd6 10. 0-0 0-0 11. Bg5 h6 12. Bxf6 Qxf6 13. Nbd2 Rd8 14. Nd4 a6 15. N2f3 g5 16. Ne2 Bf5 17. Qd4 Qg6 18. Rad1 Re8 19. Ng3 Bc2 20. Rd2 Bf4 21. Rxc2 Bxg3 22. Rd2 Bf4 23. Rdd1 Re2 24. Qb4 b5 25. Rxd5 Rae8 26. Rfd1 Qc2 27. Rd8 Kh7 28. Qb3 Qxb3 29. axb3 Rxd8 30. Rxd8 Rxb2 31. g3 Bc7 32. Rd7 Bb6 33. Nd2 Kg7 34. Kf1 a5 35. Rd5 a4 36. Rxb5 a3 37. Rxb6 a2 38. Ra6 Rxd2 39. Kg2 Kf8 40. b4 Ke7 41. c4 Rc2 42. b5 f5 43. c5 Rxc5 44. Rxa2 Rxb5 45. Ra6 h5 46. Rh6 Kf7 47. Rxh5 Kg6 48. Rh8 Rb4 49. Ra8 Kf6 50. Ra6+ Kg7 51. Re6 Kf7 52. Re3 Kg6 53. Rf3 Ra4 54. Rb3 Kf6 55. Kf3 Kf7 56. g4 fxg4+ 57. hxg4 Kf6 58. Kg3 Kg6 59. Rb6+ Kg7 60. Rb5 Ra3+ 61. f3 Kg6 62. Rf5 Ra2 63. Re5 Kf6 64. Re3 Rb2 65. f4 gxf4+ 66. Kxf4 Rb4+ 67. Kg3 Rb1 68. Ra3 Ke5 1/2-1/2

[Event "Cheliabinsk Lozovatsky Memorial-B"]
[Site "Cheliabinsk"]
[Date "2023.02.05"]
[Round "10"]
[White "Hakobyan, Astghik"]
[Black "Omurbekova, Diana"]
[Result "1-0"]
[WhiteElo "2074"]
[BlackElo "1754"]
[PlyCount "51"]
[EventDate "2023.01.27"]
[EventType "swiss"]
[EventRounds "10"]
[EventCountry "RUS"]
[SourceTitle "CBM 212 Extra"]
[Source "ChessBase"]
[SourceDate "2023.03.31"]
[SourceVersion "1"]
[SourceVersionDate "2023.03.31"]
[SourceQuality "1"]

1. e4 c5 2. Nf3 e6 3. d4 cxd4 4. Nxd4 Nf6 5. Nc3 Nc6 6. Nxc6 bxc6 7. Bd3 d5 8. 0-0 Be7 9. Qf3 d4 10. Ne2 e5 11. Qg3 0-0 12. Qxe5 c5 13. Qg3 Bb7 14. e5 Nh5 15. Qh3 g6 16. Bh6 Ng7 17. f4 Qd5 18. b3 Rae8 19. Bxg7 Kxg7 20. Bc4 Qc6 21. f5 f6 22. Nf4 Bd8 23. fxg6 hxg6 24. Bd5 Qc7 25. exf6+ Bxf6 26. Qg3 1-0

[Event "Cheliabinsk Lozovatsky Memorial-B"]
[Site "Cheliabinsk"]
[Date "2023.02.01"]
[Round "6"]
[White "Serikbay, Assel"]
[Black "Hakobyan, Astghik"]
[Result "0-1"]
[WhiteElo "2211"]
[BlackElo "2074"]
[PlyCount "90"]
[EventDate "2023.01.27"]
[EventType "swiss"]
[EventRounds "10"]
[EventCountry "RUS"]
[SourceTitle "CBM 212 Extra"]
[Source "ChessBase"]
[SourceDate "2023.03.31"]
[SourceVersion "1"]
[SourceVersionDate "2023.03.31"]
[SourceQuality "1"]

1. d4 Nf6 2. c4 e6 3. Nf3 b6 4. g3 Ba6 5. Qc2 Bb7 6. Bg2 Bb4+ 7. Nc3 Be4 8. Qb3 Bxc3+ 9. Qxc3 0-0 10. 0-0 d6 11. b3 Nbd7 12. Bb2 c5 13. Rfd1 Qc7 14. dxc5 dxc5 15. Rd2 Rfd8 16. Rad1 Nf8 17. Qe3 Bc6 18. h4 Rxd2 19. Qxd2 Ne4 20. Qe3 Nf6 21. h5 Rd8 22. Rd3 Rxd3 23. exd3 Qe7 24. Qe5 Qb7 25. Qf4 Nxh5 26. Qg4 g6 27. Ne1 Nd7 28. f4 b5 29. Kf2 bxc4 30. dxc4 Bxg2 31. Nxg2 Qe4 32. Qd1 Nhf6 33. Ne3 h5 34. Qf3 Qb1 35. Qe2 Qh1 36. Ng2 Ng4+ 37. Kf3 Qg1 38. f5 gxf5 39. Kf4 Nf8 40. Nh4 Nf2 41. Kf3 Ne4 42. Qg2 Qd1+ 43. Qe2 Qd6 44. Qe1 Qd3+ 45. Kg2 Qc2+ 0-1

[Event "Cheliabinsk Lozovatsky Memorial-B"]
[Site "Cheliabinsk"]
[Date "2023.01.28"]
[Round "2"]
[White "Kovanova, Baira"]
[Black "Hakobyan, Astghik"]
[Result "1-0"]
[WhiteElo "2309"]
[BlackElo "2074"]
[PlyCount "109"]
[EventDate "2023.01.27"]
[EventType "swiss"]
[EventRounds "10"]
[EventCountry "RUS"]
[SourceTitle "CBM 212 Extra"]
[Source "ChessBase"]
[SourceDate "2023.03.31"]
[SourceVersion "1"]
[SourceVersionDate "2023.03.31"]
[SourceQuality "1"]

1. e4 e5 2. Nf3 Nc6 3. Bb5 Nf6 4. d3 Bc5 5. Bxc6 dxc6 6. Nbd2 0-0 7. Nc4 Nd7 8. Qe2 Re8 9. Bd2 f6 10. Ne3 Nf8 11. h4 Ne6 12. h5 a5 13. Nf5 Bb4 14. c3 Bf8 15. N3h4 Nc5 16. Rh3 Bxf5 17. Nxf5 Qd7 18. Rd1 Qf7 19. Be3 Kh8 20. Rg3 Na4 21. c4 b5 22. Rc1 Red8 23. b3 Nb6 24. cxb5 cxb5 25. Bc5 Rd7 26. Kf1 a4 27. b4 a3 28. Kg1 Na4 29. d4 Nxc5 30. dxc5 c6 31. Rcc3 Rad8 32. Rc2 Rd1+ 33. Kh2 Rb1 34. Rxa3 Rxb4 35. Ra6 Qb7 36. Rb6 Qc7 37. Ra6 Qb7 38. Rb6 Qc7 39. Qg4 Rc4 40. Rxc4 bxc4 41. Rb4 Qa5 42. Rb7 Qd2 43. Nd6 Ra8 44. Nf7+ Kg8 45. Qe6 Qf4+ 46. Kh3 Ra3+ 47. Rb3 Rxb3+ 48. axb3 h6 49. Nxe5+ Kh7 50. Ng6 Qb8 51. Qxc4 Qc8+ 52. g4 Qd8 53. b4 Be7 54. Qe6 Qd3+ 55. Kg2 1-0

[Event "Cheliabinsk Lozovatsky Memorial-B"]
[Site "Cheliabinsk"]
[Date "2023.01.27"]
[Round "1"]
[White "Hakobyan, Astghik"]
[Black "Kozlova, Olga1111"]
[Result "1-0"]
[WhiteElo "2074"]
[BlackElo "1691"]
[PlyCount "73"]
[EventDate "2023.01.27"]
[EventType "swiss"]
[EventRounds "10"]
[EventCountry "RUS"]
[SourceTitle "CBM 212 Extra"]
[Source "ChessBase"]
[SourceDate "2023.03.31"]
[SourceVersion "1"]
[SourceVersionDate "2023.03.31"]
[SourceQuality "1"]

1. e4 c6 2. Nf3 d5 3. d3 g6 4. e5 Bg7 5. d4 Bg4 6. h3 Bxf3 7. Qxf3 e6 8. Nd2 c5 9. Bb5+ Nc6 10. c3 cxd4 11. cxd4 Nge7 12. 0-0 Qb6 13. Qd3 0-0 14. Nb3 Nb4 15. Qe2 Rfc8 16. Nc5 Nc2 17. Qxc2 Qxb5 18. Qb3 Qxb3 19. Nxb3 Rc2 20. Bg5 Nc6 21. Rab1 Nb4 22. Rfc1 Rc4 23. a3 Nc2 24. Bd2 Rac8 25. Kf1 b6 26. Be3 a5 27. Rd1 a4 28. Na1 Nxe3+ 29. fxe3 b5 30. Ke2 Bf8 31. Kd3 b4 32. axb4 Bxb4 33. Rf1 R8c7 34. Rf2 a3 35. bxa3 Rc3+ 36. Ke2 Rxa3 37. Rbf1 1-0

[Event "ARM-ch (Women) 78th"]
[Site "Yerevan"]
[Date "2023.01.21"]
[Round "9"]
[White "Hakobyan, Astghik"]
[Black "Khachatryan, Veronika"]
[Result "1-0"]
[WhiteElo "2074"]
[BlackElo "2023"]
[PlyCount "133"]
[EventDate "2023.01.13"]
[EventType "tourn"]
[EventRounds "9"]
[EventCountry "ARM"]
[SourceTitle "CBM 212 Extra"]
[Source "ChessBase"]
[SourceDate "2023.03.31"]
[SourceVersion "1"]
[SourceVersionDate "2023.03.31"]
[SourceQuality "1"]

1. e4 c5 2. Nf3 d6 3. d4 cxd4 4. Nxd4 Nf6 5. Nc3 a6 6. Be3 Ng4 7. Bc1 Nf6 8. f3 e6 9. Be3 b5 10. Qd2 Bb7 11. g4 Nfd7 12. Nb3 Nb6 13. Na5 Qc7 14. 0-0-0 N8d7 15. Kb1 Ne5 16. Bxb5+ axb5 17. Nxb5 Qd7 18. Nxd6+ Bxd6 19. Bxb6 Be7 20. Qc3 Qb5 21. Qc7 0-0 22. c4 Qa6 23. Qxb7 Qxb7 24. Nxb7 Nxc4 25. Rd7 Bf6 26. Bc5 Rfc8 27. Rc1 Ne5 28. Rdd1 Rcb8 29. Nd6 Nd3 30. b3 Nxc1 31. Rxc1 Bg5 32. Rc2 Bf4 33. Nc4 Rd8 34. Kb2 Rd3 35. Rf2 g5 36. a4 Bc7 37. Kc2 Rdd8 38. Be7 Rdc8 39. Bxg5 Bb6 40. Rd2 e5 41. Rd5 Kg7 42. Rxe5 Bc7 43. Rf5 Bxh2 44. Bf6+ Kg6 45. Bc3 Ra6 46. f4 f6 47. g5 fxg5 48. Ne5+ Kh5 49. Rxg5+ Kh4 50. Kb2 Bxf4 51. Rg4+ Kh3 52. Rxf4 h5 53. Be1 Rh6 54. Nf7 Rhc6 55. Rh4+ Kg2 56. Rxh5 Kf1 57. Ba5 Ke2 58. Rh2+ Ke3 59. e5 Rf8 60. Nd6 Rf3 61. Nc4+ Kd4 62. Bc3+ Kd5 63. Rd2+ Ke4 64. Rd6 Rxd6 65. exd6 Kd5 66. d7 Rf8 67. Ba5 1-0

[Event "ARM-ch (Women) 78th"]
[Site "Yerevan"]
[Date "2023.01.17"]
[Round "5"]
[White "Hakobyan, Astghik"]
[Black "Khachatryan, Anna"]
[Result "1/2-1/2"]
[WhiteElo "2074"]
[BlackElo "2031"]
[PlyCount "46"]
[EventDate "2023.01.13"]
[EventType "tourn"]
[EventRounds "9"]
[EventCountry "ARM"]
[SourceTitle "CBM 212 Extra"]
[Source "ChessBase"]
[SourceDate "2023.03.31"]
[SourceVersion "1"]
[SourceVersionDate "2023.03.31"]
[SourceQuality "1"]

1. e4 c5 2. Nf3 Nc6 3. d4 cxd4 4. Nxd4 e5 5. Nb5 d6 6. N1c3 a6 7. Na3 b5 8. Nd5 Nf6 9. Bg5 Be7 10. Bxf6 Bxf6 11. c4 b4 12. Nc2 a5 13. Be2 g6 14. Qd3 Bg7 15. Rd1 0-0 16. Nde3 Qh4 17. g3 Qh3 18. Qxd6 Nd4 19. Nxd4 exd4 20. Bf1 Qh5 21. Be2 Qh3 22. Bf1 Qh5 23. Be2 Qh3 1/2-1/2

[Event "ARM-ch (Women) 78th"]
[Site "Yerevan"]
[Date "2023.01.15"]
[Round "3"]
[White "Hakobyan, Astghik"]
[Black "Kobak, Polina"]
[Result "0-1"]
[WhiteElo "2074"]
[BlackElo "1733"]
[PlyCount "70"]
[EventDate "2023.01.13"]
[EventType "tourn"]
[EventRounds "9"]
[EventCountry "ARM"]
[SourceTitle "CBM 212 Extra"]
[Source "ChessBase"]
[SourceDate "2023.03.31"]
[SourceVersion "1"]
[SourceVersionDate "2023.03.31"]
[SourceQuality "1"]

1. e4 c5 2. Nf3 e6 3. d4 cxd4 4. Nxd4 Nc6 5. Nc3 Qc7 6. Be3 a6 7. Qd2 Nf6 8. 0-0-0 Bb4 9. f3 Ne5 10. Nb3 b5 11. Qe1 Be7 12. f4 Ng6 13. e5 Ng4 14. Ne4 Nxe3 15. Qxe3 0-0 16. Nd6 Bb7 17. h4 f6 18. h5 Nxf4 19. Qxf4 fxe5 20. Qxe5 Rf5 21. Qh2 Bg5+ 22. Kb1 Bf4 23. Qh4 Bxd6 24. h6 g6 25. Bd3 Rf4 26. Qg5 Be4 27. Bxe4 Rxe4 28. Qf6 Bf8 29. Nc5 Qxc5 30. Rxd7 Qf5 31. Qc3 Rc4 32. Rg7+ Kh8 33. Qd2 Rac8 34. Ra7 Rxc2 35. Qd4+ e5 0-1

[Event "ARM-ch (Women) 78th"]
[Site "Yerevan"]
[Date "2023.01.14"]
[Round "2"]
[White "Yedigaryan, Asya"]
[Black "Hakobyan, Astghik"]
[Result "1/2-1/2"]
[WhiteElo "1859"]
[BlackElo "2074"]
[PlyCount "81"]
[EventDate "2023.01.13"]
[EventType "tourn"]
[EventRounds "9"]
[EventCountry "ARM"]
[SourceTitle "CBM 212 Extra"]
[Source "ChessBase"]
[SourceDate "2023.03.31"]
[SourceVersion "1"]
[SourceVersionDate "2023.03.31"]
[SourceQuality "1"]

1. e4 e5 2. Nf3 Nc6 3. d4 exd4 4. Nxd4 Nf6 5. Nc3 Bb4 6. Nxc6 bxc6 7. Bd3 0-0 8. 0-0 d5 9. exd5 cxd5 10. Bg5 c6 11. Qf3 h6 12. Bxf6 Qxf6 13. Qxf6 gxf6 14. Ne2 Rb8 15. b3 Re8 16. f4 Bg4 17. Ng3 Re3 18. h3 Rxg3 19. hxg4 Rxg4 20. Rf3 Re8 21. Bf5 Rh4 22. Rh3 Rxh3 23. Bxh3 Re4 24. Rf1 Bd6 25. Bd7 c5 26. g3 h5 27. Bf5 Rd4 28. Kg2 h4 29. c3 Rd2+ 30. Rf2 Rxf2+ 31. Kxf2 Kf8 32. Kf3 hxg3 33. Kxg3 Bc7 34. Bc8 Ke7 35. Kf3 Kd6 36. Bb7 c4 37. bxc4 dxc4 38. Ke3 Kc5 39. f5 Bg3 40. Kd2 Kd6 41. Kc2 1/2-1/2

[Event "ARM-ch (Women) 78th"]
[Site "Yerevan"]
[Date "2023.01.13"]
[Round "1"]
[White "Hakobyan, Astghik"]
[Black "Hayrapetyan, Nvard"]
[Result "1-0"]
[WhiteElo "2074"]
[BlackElo "1543"]
[PlyCount "71"]
[EventDate "2023.01.13"]
[EventType "tourn"]
[EventRounds "9"]
[EventCountry "ARM"]
[SourceTitle "CBM 212 Extra"]
[Source "ChessBase"]
[SourceDate "2023.03.31"]
[SourceVersion "1"]
[SourceVersionDate "2023.03.31"]
[SourceQuality "1"]

1. e4 e6 2. d4 d5 3. Nc3 Bb4 4. e5 c5 5. a3 Bxc3+ 6. bxc3 Ne7 7. Qg4 cxd4 8. Bd3 Qc7 9. Ne2 dxc3 10. Qxg7 Rg8 11. Qxh7 Nbc6 12. Bf4 Bd7 13. 0-0 Nxe5 14. Qh5 N7c6 15. Nxc3 0-0-0 16. Nb5 Qb8 17. Nxa7+ Qxa7 18. Bxe5 Nxe5 19. Qxe5 Bc6 20. a4 Qc5 21. Qf4 Rg7 22. a5 Rdg8 23. g3 f5 24. a6 Rg4 25. a7 Kd7 26. Qb8 f4 27. a8Q Rxb8 28. Qxb8 fxg3 29. hxg3 d4 30. Ra8 Qg5 31. Qc8+ Kd6 32. Qd8+ Qxd8 33. Rxd8+ Ke7 34. Rh8 e5 35. Re1 Kd6 36. Rh6+ 1-0

[Event "EU-ch U18 Girls 30th"]
[Site "Antalya"]
[Date "2022.11.07"]
[Round "2"]
[White "Hrebenshchykova, Yelyzaveta"]
[Black "Hakobyan, Astghik"]
[Result "1/2-1/2"]
[WhiteElo "2296"]
[BlackElo "2035"]
[PlyCount "68"]
[EventDate "2022.11.06"]
[EventType "swiss"]
[EventRounds "9"]
[EventCountry "TUR"]
[SourceTitle "CBM 211 Extra"]
[Source "ChessBase"]
[SourceDate "2023.01.31"]
[SourceVersion "1"]
[SourceVersionDate "2023.01.31"]
[SourceQuality "1"]

1. c4 Nf6 2. Nc3 c5 3. Nf3 b6 4. g3 Bb7 5. Bg2 e6 6. 0-0 Be7 7. Re1 d6 8. e4 a6 9. d4 cxd4 10. Nxd4 Qc7 11. Qd3 0-0 12. b3 Nbd7 13. Bb2 Rac8 14. Rad1 Rfd8 15. Qe2 Nf8 16. Nc2 b5 17. cxb5 axb5 18. Qxb5 d5 19. exd5 Nxd5 20. Nxd5 Bxd5 21. Ne3 Bxg2 22. Kxg2 Qa7 23. Rxd8 Rxd8 24. Bc3 Rc8 25. Rc1 Bf6 26. Nc4 Qa8+ 27. Kg1 Bxc3 28. Rxc3 Qxa2 29. Rc1 Ng6 30. Qb7 Rd8 31. Qc7 Rf8 32. Qb7 Rd8 33. Qc7 Rf8 34. Qb7 Rd8 1/2-1/2

[Event "Cheliabinsk Panchenko Memorial op-B"]
[Site "Cheliabinsk"]
[Date "2022.09.19"]
[Round "8"]
[White "Tomilova, Elena"]
[Black "Hakobyan, Astghik"]
[Result "1-0"]
[WhiteElo "2211"]
[BlackElo "2091"]
[PlyCount "89"]
[EventDate "2022.09.12"]
[EventType "swiss"]
[EventRounds "10"]
[EventCountry "RUS"]
[SourceTitle "CBM 210 Extra"]
[Source "ChessBase"]
[SourceDate "2022.11.30"]
[SourceVersion "1"]
[SourceVersionDate "2022.11.30"]
[SourceQuality "1"]

1. Nf3 Nf6 2. c4 b6 3. g3 c5 4. Bg2 Bb7 5. 0-0 e6 6. b3 Be7 7. Bb2 0-0 8. Nc3 a6 9. e3 d5 10. cxd5 exd5 11. d4 Nbd7 12. Rc1 Rc8 13. dxc5 bxc5 14. Nh4 Nb6 15. Nf5 Re8 16. Nxe7+ Qxe7 17. Qf3 Red8 18. Rfd1 Rc7 19. Qf4 Rcd7 20. Nb1 d4 21. Bxb7 Rxb7 22. exd4 c4 23. Ba3 Qe6 24. bxc4 Qh3 25. Qf3 Rc7 26. Bc5 Na4 27. Bb4 Rcd7 28. d5 Ng4 29. Qg2 Qh5 30. Rd3 Ne5 31. Rb3 Rc8 32. Nd2 Nb6 33. Qf1 Ng4 34. h3 Ne5 35. Bc3 Nexc4 36. Nxc4 Nxd5 37. Bb2 h6 38. Rd3 Qf5 39. Ne5 Rxc1 40. Qxc1 Rd6 41. Rf3 Qxh3 42. Nxf7 Rb6 43. Ne5 Nf6 44. Qc4+ Re6 45. g4 1-0

[Event "Cheliabinsk Kurnosov Memorial Rapid-B"]
[Site "Cheliabinsk"]
[Date "2022.09.09"]
[Round "3"]
[White "Protopopova, Anastasiya"]
[Black "Hakobyan, Astghik"]
[Result "1-0"]
[WhiteElo "2149"]
[BlackElo "2091"]
[PlyCount "184"]
[EventDate "2022.09.09"]
[EventType "swiss (rapid)"]
[EventRounds "11"]
[EventCountry "RUS"]
[SourceTitle "CBM 210 Extra"]
[Source "ChessBase"]
[SourceDate "2022.11.30"]
[SourceVersion "1"]
[SourceVersionDate "2022.11.30"]
[SourceQuality "1"]

1. d4 Nf6 2. c4 e6 3. Nc3 Bb4 4. f3 d5 5. a3 Bxc3+ 6. bxc3 0-0 7. cxd5 Nxd5 8. e4 Ne7 9. Bd3 c5 10. Ne2 Nbc6 11. Be3 Qa5 12. 0-0 Rd8 13. Qe1 Ne5 14. Bc2 Nc4 15. Bc1 cxd4 16. cxd4 Qc7 17. Bd3 b5 18. a4 Ba6 19. axb5 Bxb5 20. Bg5 f6 21. Bh4 Nd6 22. Bxb5 Nxb5 23. Bf2 Nc6 24. Rc1 Qd7 25. Rc4 Rac8 26. Qa1 Ne7 27. Rc5 Rxc5 28. dxc5 Nc6 29. Nf4 Nbd4 30. Qa2 Kh8 31. h3 a5 32. Kh1 Qe7 33. Qc4 Ne5 34. Qa4 Nec6 35. Bxd4 Nxd4 36. Qxa5 Nb3 37. Qb6 Nxc5 38. Rc1 g5 39. Nh5 Nd7 40. Qc7 Qe8 41. Rd1 Ra8 42. Qxd7 Qxh5 43. Qxe6 Rf8 44. Rd7 Qg6 45. Qe7 Re8 46. Qf7 Qxf7 47. Rxf7 Re6 48. Kh2 Kg8 49. Rd7 Rb6 50. Kg3 Rb2 51. h4 gxh4+ 52. Kh3 Rc2 53. Rd5 Kf7 54. Rh5 Kg6 55. Rxh4 h5 56. Rf4 Rc1 57. Kg3 Rc2 58. Rf5 Rb2 59. Ra5 Re2 60. Ra6 Kg7 61. Kh3 Rf2 62. Ra7+ Kg6 63. Ra8 Kg7 64. Ra5 Kg6 65. e5 fxe5 66. Rxe5 Rf1 67. Kg3 Rc1 68. f4 Rc3+ 69. Kh4 Rc4 70. Rg5+ Kf6 71. g3 Rc3 72. Kxh5 Rc2 73. Kg4 Rc4 74. Ra5 Rc3 75. Ra6+ Kf7 76. Kh4 Rf3 77. Kg4 Rb3 78. f5 Rc3 79. Kf4 Rb3 80. g4 Rb7 81. Kg5 Kg7 82. Kh5 Rf7 83. f6+ Kh7 84. g5 Rf8 85. g6+ Kg8 86. Kg5 Rb8 87. Rd6 Rb5+ 88. Kf4 Rb4+ 89. Ke5 Rb8 90. Ke6 Ra8 91. Ke7 Ra7+ 92. Rd7 Ra8 1-0

[Event "ARM-ch HL (Women) 77th"]
[Site "Yerevan"]
[Date "2022.01.15"]
[Round "4"]
[White "Hakobyan, Astghik"]
[Black "Gevorgyan, Maria"]
[Result "0-1"]
[WhiteElo "2053"]
[BlackElo "2218"]
[PlyCount "90"]
[EventDate "2022.01.12"]
[EventType "tourn"]
[EventRounds "9"]
[EventCountry "ARM"]
[SourceTitle "CBM 206 Extra"]
[Source "ChessBase"]
[SourceDate "2022.03.31"]
[SourceVersion "1"]
[SourceVersionDate "2022.03.31"]
[SourceQuality "1"]

1. e4 c5 2. Nf3 Nc6 3. d4 cxd4 4. Nxd4 Nf6 5. Nc3 e5 6. Ndb5 d6 7. a4 a6 8. Na3 Be6 9. Bg5 Qb6 10. Rb1 d5 11. Bxf6 d4 12. Nd5 Bxd5 13. exd5 Qa5+ 14. c3 Qxd5 15. Bh4 Bxa3 16. bxa3 Qe4+ 17. Be2 dxc3 18. Rxb7 0-0 19. Qd3 Qxh4 20. Rc7 Qxa4 21. Qxc3 Nd4 22. Bd1 Qe8 23. a4 Rb8 24. 0-0 Rb1 25. Qc4 Qd8 26. Bh5 Rxf1+ 27. Kxf1 g6 28. Bg4 Qg5 29. h3 h5 30. Be2 Kg7 31. Qxa6 Rb8 32. Qd3 Rb2 33. Bf3 Qf4 34. Kg1 Nxf3+ 35. gxf3 Qxa4 36. Qd5 Rb1+ 37. Kg2 Qf4 38. h4 Re1 39. Rc4 Qf5 40. Qd2 Qb1 41. f4 e4 42. f5 Rg1+ 43. Kh2 Qf1 44. Qd4+ Kh7 45. fxg6+ Rxg6 0-1

[Event "ARM-ch HL (Women) 77th"]
[Site "Yerevan"]
[Date "2022.01.13"]
[Round "2"]
[White "Hakobyan, Astghik"]
[Black "Mkrtchyan, Mariam"]
[Result "1-0"]
[WhiteElo "2053"]
[BlackElo "2300"]
[PlyCount "85"]
[EventDate "2022.01.12"]
[EventType "tourn"]
[EventRounds "9"]
[EventCountry "ARM"]
[SourceTitle "CBM 206 Extra"]
[Source "ChessBase"]
[SourceDate "2022.03.31"]
[SourceVersion "1"]
[SourceVersionDate "2022.03.31"]
[SourceQuality "1"]

1. e4 c6 2. Nf3 d5 3. Nc3 dxe4 4. Nxe4 Nf6 5. Qe2 Nxe4 6. Qxe4 Be6 7. b3 Nd7 8. Bb2 Nf6 9. Qf4 Qa5 10. Ng5 Nh5 11. Qh4 0-0-0 12. Bd3 Nf6 13. Nxe6 fxe6 14. Bc3 Qc5 15. 0-0 Nd5 16. Bd4 Qd6 17. Rfe1 Qf4 18. Re4 Qxh4 19. Rxh4 Nb4 20. Bc4 Nxc2 21. Bxe6+ Kb8 22. Be5+ Ka8 23. Rd1 c5 24. Rc1 Rxd2 25. Rc4 Na3 26. Rxc5 a6 27. Rc8+ Ka7 28. Bf4 Re2 29. Bd7 g6 30. Kf1 Re4 31. Be3+ Rxe3 32. fxe3 Bg7 33. Rxh8 Bxh8 34. Ke2 Bb2 35. Rc8 Nb1 36. Kd3 Be5 37. h3 b5 38. Re8 Bf6 39. e4 Nc3 40. e5 Bxe5 41. Rxe7 Bd6 42. Re6 Bb4 43. a3 1-0

[Event "ARM-ch HL (Women) 77th"]
[Site "Yerevan"]
[Date "2022.01.12"]
[Round "1"]
[White "Arakelyan, Nare"]
[Black "Hakobyan, Astghik"]
[Result "1-0"]
[WhiteElo "1912"]
[BlackElo "2053"]
[PlyCount "65"]
[EventDate "2022.01.12"]
[EventType "tourn"]
[EventRounds "9"]
[EventCountry "ARM"]
[SourceTitle "CBM 206 Extra"]
[Source "ChessBase"]
[SourceDate "2022.03.31"]
[SourceVersion "1"]
[SourceVersionDate "2022.03.31"]
[SourceQuality "1"]

1. e4 c6 2. d4 d5 3. Nc3 dxe4 4. Nxe4 Nf6 5. Nxf6+ exf6 6. c3 Bd6 7. Bd3 0-0 8. Qc2 Re8+ 9. Ne2 h5 10. Be3 Nd7 11. 0-0-0 Nf8 12. Kb1 Be6 13. c4 b5 14. d5 cxd5 15. c5 Rc8 16. Bxb5 Nd7 17. c6 Ne5 18. Qa4 Qc7 19. Nf4 Nc4 20. Nxd5 Bxd5 21. Rxd5 Nxe3 22. fxe3 Rxe3 23. Qd4 Re5 24. Rxd6 Rxb5 25. Rd1 Re8 26. Qc4 Qa5 27. Rd7 Rf8 28. Rc1 Qb6 29. b3 Rb4 30. Qd5 Rb5 31. Qc4 Rb4 32. Qd3 Rb5 33. Rb7 1-0

[Event "EU-ch Hybrid U16 Girls"]
[Site "Tornelo INT"]
[Date "2021.10.15"]
[Round "7"]
[White "Hakobyan, Astghik"]
[Black "Sulyok, Eszter"]
[Result "1-0"]
[WhiteElo "2017"]
[BlackElo "1913"]
[PlyCount "93"]
[EventDate "2021.10.15"]
[EventType "swiss"]
[EventRounds "9"]
[EventCountry "NET"]
[SourceTitle "EXT 2023"]
[Source "ChessBase"]
[SourceDate "2022.10.05"]
[SourceVersion "1"]
[SourceVersionDate "2022.10.05"]
[SourceQuality "1"]
[WhiteTeam "Armenia"]
[BlackTeam "Hungary"]
[WhiteTeamCountry "ARM"]
[BlackTeamCountry "HUN"]

1. e4 c5 2. Nf3 e6 3. d3 d5 4. Nbd2 Nc6 5. g3 Bd6 6. Bg2 Nge7 7. 0-0 0-0 8. Re1 Qc7 9. Qe2 f6 10. h4 Bd7 11. c3 a5 12. a4 Rae8 13. h5 Rc8 14. Nb1 Kh8 15. Na3 Nd8 16. b3 Nf7 17. Bh3 Rce8 18. Nb5 Bxb5 19. axb5 Ng8 20. exd5 e5 21. Nh4 Ne7 22. c4 b6 23. Kg2 Nd8 24. Qe4 Nf7 25. Be6 Nd8 26. Bf5 Nxf5 27. Qxf5 Kg8 28. Re4 Rf7 29. Rg4 Qd7 30. h6 g5 31. Qxd7 Rxd7 32. f4 exf4 33. gxf4 Nf7 34. fxg5 Ne5 35. Re4 Kf8 36. d4 cxd4 37. Nf5 Nd3 38. Rxe8+ Kxe8 39. g6 Nf4+ 40. Bxf4 Bxf4 41. Ng7+ Ke7 42. gxh7 Rd8 43. Ne6 Rh8 44. Nxf4 Rxh7 45. Rh1 Kd6 46. Ne6 d3 47. Kf3 1-0

[Event "EU-ch Hybrid U16 Girls"]
[Site "Tornelo INT"]
[Date "2021.10.15"]
[Round "3"]
[White "Hakobyan, Astghik"]
[Black "Yue, Qizhou"]
[Result "1/2-1/2"]
[WhiteElo "2017"]
[BlackElo "1842"]
[PlyCount "106"]
[EventDate "2021.10.15"]
[EventType "swiss"]
[EventRounds "9"]
[EventCountry "NET"]
[SourceTitle "EXT 2023"]
[Source "ChessBase"]
[SourceDate "2022.10.05"]
[SourceVersion "1"]
[SourceVersionDate "2022.10.05"]
[SourceQuality "1"]
[WhiteTeam "Armenia"]
[BlackTeam "Germany"]
[WhiteTeamCountry "ARM"]
[BlackTeamCountry "GER"]

1. e4 c5 2. Nf3 e6 3. d4 cxd4 4. Nxd4 Nc6 5. Nc3 Qc7 6. Be3 a6 7. Qd2 Nf6 8. f3 b5 9. g4 Bb7 10. g5 Nxd4 11. Bxd4 Nh5 12. 0-0-0 Be7 13. Be5 Qc6 14. Kb1 Rd8 15. Bd6 Bxd6 16. Qxd6 Qxd6 17. Rxd6 Bc6 18. a4 b4 19. Na2 Ke7 20. Rd4 a5 21. Bb5 Bxb5 22. axb5 d5 23. c4 dxc4 24. Rxc4 Rc8 25. Rhc1 Rxc4 26. Rxc4 Rb8 27. Rc7+ Ke8 28. Rc5 Kd7 29. Nc1 Nf4 30. Kc2 Rc8 31. Rxc8 Kxc8 32. Nd3 Ne2 33. Kb3 Nd4+ 34. Kc4 Nxf3 35. Kc5 Kb7 36. h4 Nxh4 37. Ne5 f6 38. gxf6 gxf6 39. Nc6 f5 40. Nxa5+ Kb8 41. Nc6+ Kb7 42. Na5+ Kb8 43. Nc6+ Kb7 44. Nd8+ Kb8 45. exf5 exf5 46. Kb6 f4 47. Nc6+ Kc8 48. Nxb4 f3 49. Nd3 Nf5 50. Kc6 Nd4+ 51. Kc5 Ne6+ 52. Kd6 Nd4 53. Kc5 Ne6+ 1/2-1/2